000 00906njm a2200289 i 4500
001 991061739602906706
003 ES-BaIT
005 20260326092220.0
007 sd#uu|gnnmmnuu
008 260326s1998 sp uunn n zxx c
040 _aES-BaIT
_bcat
_erda
_cES-BaIT
084 _aCD 581
100 _aDickson-Place, Graham
_ecompositor
_995877
245 1 0 _aMusic For Free Ballet Class.
_n2 /
_cGraham Dickson-Place
264 1 _aMadrid :
_bG. Dickson-Place,
_c[1998]
264 4 _c©1998
300 _a1 disc àudio (43 min.) :
_bdigital ;
_c12 cm
336 _amúsica executada
_bprm
_2rdacontent
337 _aàudio
_bs
_2rdamedia
338 _adisc àudio
_bsd
_2rdacarrier
650 4 _aDansa clàssica
_xEnsenyament
_956590
650 7 _aMúsica de dansa clàssica
_957375
650 7 _aPiano, Música per a
_957536
655 4 _aPiano, Música per a
908 _aCDMAE
942 _2udc
_c4
999 _c137321
_d137321